Knowledge and skills for life first results from the OECD Programme for international student assessment (PISA) 2000

Guardado en:
Detalles Bibliográficos
Autor Corporativo: Programme for International Student Assessment (OECD)
Formato: Libro
Lenguaje:inglés
Publicado: Paris OECD 2001
Colección:Education and skills
Materias:
Etiquetas: Agregar Etiqueta
Sin Etiquetas, Sea el primero en etiquetar este registro!

MARC

LEADER 00000nam a2200000 4500
001 c130695
005 20221124103343.6
020 |a 92-64-19671-4 
041 0 |a eng 
044 |a FR 
245 1 0 |a Knowledge and skills for life  |b first results from the OECD Programme for international student assessment (PISA) 2000 
264 1 |a Paris  |b OECD  |c 2001 
300 |a 322 s. 
490 1 |a Education and skills 
830 0 |a Education and skills 
610 2 0 |a vzdelávanie 
610 2 0 |a výchova 
610 2 0 |a študenti 
610 2 0 |a porovnanie medzinárodné 
610 2 0 |a porovnanie štatistické medzinárodné 
610 2 0 |a školstvo 
610 2 0 |a počítače 
610 2 0 |a vedomosti 
610 2 0 |a politika školská 
610 2 0 |a školy súkromné 
610 2 0 |a školy 
610 2 0 |a údaje štatistické medzinárodné 
610 2 0 |a svet 
610 2 0 |a OECD 
610 2 0 |a PISA 
710 2 |a Programme for International Student Assessment (OECD)